LEADER 00924nam0 2200313 450 001 000003842 005 20080805133718.0 100 $a20020424d1975----km-y0itay50------ba 101 0 $aita 102 $aIT 105 $ay---n---001yy 200 1 $aLegislazione universitaria$fa cura di Giuseppe Jorio 210 $a[Napoli]$cSocietà editrice napoletana$d1975 215 $a1170 p.$d25 cm 307 $aIn appendice agg. all'1/1/1977 451 0$1001000000865 451 0$1001000010441 451 0$1001000015214 451 0$1001000015215 451 0$1001000015216 610 1 $aUniversità$aLegislazione 676 $a342$v20$9Diritto costituzionale e amminsitrativo 702 1$aJorio,$bGiuseppe 710 01$aItalia$0423419 801 0$aIT$bUNIPARTHENOPE$gRICA$2UNIMARC 912 $a000003842 951 $a378.1/103$b46$cNAVA1$d20020429 996 $aLegislazione universitaria$9103155 997 $aUNIPARTHENOPE LEADER 01485nam0 22003371i 450 001 UON00467480 005 20231205105150.138 010 $a88-17-16858-0 100 $a20160516d1995 |0itac50 ba 101 $aita$aGRC 102 $aIT 105 $a|||| ||||| 200 1 $aViaggio in Grecia$eGuida antiquaria e artistica$eLibro 2.: Corinzia e Argolide$etesto greco a fronte con cento illustrazioni$fPausania$gintroduzione, traduzione e note di Salvatore Rizzo 210 $aMilano$cBiblioteca Universale Rizzoli$d1992 215 $a484 p.$cill.$d18 cm 316 $aDono Rettrice Prof.ssa Morlicchio$5IT-UONSI N 4039/2 410 1$1001UON00088162$12001 $aˆI ‰classici della BUR 510 1$3UON00469034$aEllados Periegesis 606 $aGRECIA ANTICA$xDescrizioni e viaggi$3UONC026521$2FI 620 $aIT$dMilano$3UONL000005 676 $a911$cGeografia storica. Atlanti storici$v21 700 0$aPAUSANIAS$3UONV056457$0163943 702 1$aRIZZO$bSalvatore$3UONV062449 712 $aBiblioteca Universale Rizzoli$3UONV247094$4650 790 0$aPAUSANIA$zPAUSANIAS$3UONV056459 801 $aIT$bSOL$c20240220$gRICA 899 $aSIBA - SISTEMA BIBLIOTECARIO DI ATENEO$2UONSI 912 $aUON00467480 950 $aSIBA - SISTEMA BIBLIOTECARIO DI ATENEO$dSI N 4 039 2 $eSI 17719 7 2 Dono Rettrice Prof.ssa Morlicchio 996 $aViaggio in Grecia$973472 997 $aUNIOR